000
00322nam a22001457a 4500
008
210322b ||||| |||| 00| 0 eng d
020
_a
9780393008708
041
_a
eng
080
_a
101
082
_a
101
100
_a
24
101
_a
FIL
245
_a
The Enlightenment an Interpretation
_c
Gay, P.
942
_2
udc
_c
BK
999
_c
56631
_d
56631